<?xml version="1.0" encoding="UTF-8"?>
<record
    xmlns:xsi="http://www.w3.org/2001/XMLSchema-instance"
    xsi:schemaLocation="http://www.loc.gov/MARC21/slim http://www.loc.gov/standards/marcxml/schema/MARC21slim.xsd"
    xmlns="http://www.loc.gov/MARC21/slim">

  <leader>00435    a2200109   4500</leader>
  <controlfield tag="001">ART_41626</controlfield>
  <controlfield tag="005">20260410162023.0</controlfield>
  <controlfield tag="008">260409a                                 </controlfield>
  <datafield tag="245" ind1="1" ind2="0">
    <subfield code="a">Las nuevas reglas sobre propiedad intelectual y sus consecuencias para el comercio de tecnolog&#xED;a</subfield>
  </datafield>
  <datafield tag="100" ind1="1" ind2=" ">
    <subfield code="a">Correa, Carlos Mar&#xED;a</subfield>
  </datafield>
  <datafield tag="773" ind1="0" ind2=" ">
    <subfield code="t">Revista del derecho industrial</subfield>
    <subfield code="g">Transferencia de tecnolog&#xED;a - A&#xF1;o XIII, N&#xBA; 37 (ene./abr. 1991)</subfield>
    <subfield code="w">REV41547</subfield>
  </datafield>
  <datafield tag="999" ind1=" " ind2=" ">
    <subfield code="c">33312</subfield>
    <subfield code="d">33312</subfield>
  </datafield>
</record>
